[Event "16th ch-EUR Indiv w 2015"]
[Site "Chakvi GEO"]
[Date "2015.05.27"]
[Round "8.35"]
[White "Hairapetian, Anna"]
[Black "Mamedjarova, Zeinab"]
[Result "1/2-1/2"]
[WhiteTitle "WIM"]
[BlackTitle "WGM"]
[WhiteElo "2192"]
[BlackElo "2235"]
[WhiteFideId "13303554"]
[BlackFideId "13401521"]
[EventDate "2015.05.19"]

1. e4 d6 2. Nf3 Nf6 3. Nc3 e5 4. d4 Nbd7 5. Bc4 Be7 6. O-O O-O 7. dxe5 dxe5 8.
Qe2 c6 9. a4 a5 10. h3 Qc7 11. Nh4 Nc5 12. Nf5 Ne6 13. Nxe7+ Qxe7 14. Bxe6 Bxe6
15. b3 Rfd8 16. Ba3 Qc7 17. Rfd1 b6 18. Rxd8+ Rxd8 19. Rd1 Rd4 20. Rxd4 exd4 21.
e5 Ne8 22. Nd1 c5 23. Nb2 h6 24. Qe4 Qd8 25. Nd3 Bd5 26. Qg4 Be6 27. Qg3 Nc7 28.
Bc1 Kh7 29. Nf4 Bf5 30. Nd3 Qd5 31. Qf4 Qe4 32. Qd2 Ne6 33. g4 Ng5 34. Kf1 Nxh3
35. Ne1 Qh1+ 36. Ke2 Ng1+ 1/2-1/2

[Event "16th ch-EUR Indiv w 2015"]
[Site "Chakvi GEO"]
[Date "2015.05.28"]
[Round "9.1"]
[White "Melia, Salome"]
[Black "Batsiashvili, Nino"]
[Result "1/2-1/2"]
[WhiteTitle "IM"]
[BlackTitle "IM"]
[WhiteElo "2452"]
[BlackElo "2473"]
[WhiteFideId "13602446"]
[BlackFideId "13602993"]
[EventDate "2015.05.19"]

1. e4 e5 2. Nf3 Nc6 3. Bb5 a6 4. Ba4 Nf6 5. O-O b5 6. Bb3 Bb7 7. Re1 Bc5 8. c3
d6 9. d4 Bb6 10. a4 O-O 11. Bg5 h6 12. Bh4 Qe7 13. Qd3 Na5 14. Bc2 c5 15. d5 c4
16. Qe2 Bc8 17. Nbd2 Bd7 18. Nf1 g5 19. Bg3 Nb7 20. Ne3 Nh5 21. Nf5 Qf6 22. Nd2
Nf4 23. Bxf4 gxf4 24. axb5 axb5 25. b4 cxb3 26. Nxb3 Nc5 27. Nxc5 Bxc5 28. g3
Qg5 29. Kg2 Kh8 30. Bd3 Rg8 31. Rxa8 Rxa8 32. Bxb5 Bxf5 33. exf5 Qxf5 34. Bd3
f3+ 35. Qxf3 Qxf3+ 36. Kxf3 Ra3 37. Rc1 Bd4 38. Ke2 Rxc3 39. Rxc3 Bxc3 40. f4
exf4 1/2-1/2

[Event "16th ch-EUR Indiv w 2015"]
[Site "Chakvi GEO"]
[Date "2015.05.28"]
[Round "9.3"]
[White "Sandu, Mihaela"]
[Black "Danielian, Elina"]
[Result "0-1"]
[WhiteTitle "WGM"]
[BlackTitle "GM"]
[WhiteElo "2300"]
[BlackElo "2458"]
[WhiteFideId "1204327"]
[BlackFideId "13300210"]
[EventDate "2015.05.19"]

1. e4 c6 2. c4 e5 3. Nf3 d6 4. d4 Bg4 5. Be2 Nd7 6. Be3 Be7 7. Qd2 Ngf6 8. Nc3
O-O 9. h3 Bh5 10. O-O Re8 11. Qc2 Bg6 12. dxe5 dxe5 13. Rad1 Qc7 14. Nh4 Bc5 15.
Bc1 a5 16. Nxg6 hxg6 17. Na4 Bd4 18. c5 Nf8 19. a3 Ne6 20. Bd3 Qe7 21. Be3 Rad8
22. b4 axb4 23. axb4 g5 24. Be2 g6 25. Nb6 Kg7 26. g3 Rh8 27. Kg2 g4 28. Bxg4
Nxg4 29. hxg4 Bxe3 30. fxe3 Ng5 31. Qc4 Rxd1 32. Rxd1 Rd8 33. Rxd8 Qxd8 34. Qc2
Qh8 35. Kf1 Qh1+ 36. Ke2 Qf3+ 37. Kd3 Qxe4+ 38. Kc3 Qxe3+ 39. Qd3 Ne4+ 40. Kc2
Qf2+ 41. Kb3 Qxg3 42. Qxg3 Nxg3 43. Nc4 Kf6 44. Nd6 Ke6 45. Nxb7 Kd5 46. b5 cxb5
47. Kb4 Ne2 48. Nd6 Nd4 49. Nxf7 e4 50. Nh8 g5 51. Nf7 e3 52. Kc3 b4+ 53. Kd3 e2
54. Kd2 b3 0-1

[Event "16th ch-EUR Indiv w 2015"]
[Site "Chakvi GEO"]
[Date "2015.05.28"]
[Round "9.4"]
[White "Girya, Olga"]
[Black "Kovalevskaya, Ekaterina"]
[Result "1-0"]
[WhiteTitle "WGM"]
[BlackTitle "IM"]
[WhiteElo "2479"]
[BlackElo "2450"]
[WhiteFideId "4195752"]
[BlackFideId "4116704"]
[EventDate "2015.05.19"]

1. d4 Nf6 2. c4 e6 3. Nc3 d5 4. Bg5 Be7 5. e3 Nbd7 6. Qc2 h6 7. Bh4 c6 8. Nf3
O-O 9. Rd1 b6 10. Bd3 Bb7 11. O-O Rc8 12. Bg3 dxc4 13. Bxc4 b5 14. Be2 b4 15.
Ne4 Nxe4 16. Qxe4 Nf6 17. Qb1 c5 18. dxc5 Qa5 19. Ne5 Qxc5 20. Rc1 Qd5 21. Bf3
Qb5 22. Rxc8 Rxc8 23. Rc1 Rxc1+ 24. Qxc1 Bxf3 25. Qc8+ Qe8 26. Qxe8+ Nxe8 27.
gxf3 Bf6 28. Nd3 a5 29. Kf1 Kf8 30. b3 Bd8 31. Ne5 Ke7 32. Ke2 f6 33. Nc4 Kd7
34. Kd3 Kc6 35. Bb8 Kd5 36. e4+ Kc6 37. f4 g6 38. Ba7 Bc7 39. Be3 h5 40. h3 Kb5
41. Nd2 Kc6 42. Nf3 e5 43. fxe5 Bxe5 44. Nxe5+ fxe5 45. Bg5 Nd6 46. Bd8 Nb7 47.
Be7 Kd7 48. Bf8 Nd8 49. Bh6 Kc6 50. h4 Nf7 51. Bc1 Kc5 52. Be3+ Kc6 53. f4 exf4
54. Bxf4 Kc5 55. Be3+ Kd6 56. Kd4 Ke6 57. Bf4 Nd8 58. Kc5 Nf7 59. Kb5 Nd6+ 60.
Kxa5 Nxe4 61. Kxb4 Kf5 62. Bh2 g5 63. hxg5 Nxg5 64. Kc5 Nf3 65. a4 Nxh2 66. a5
h4 67. a6 h3 68. a7 Nf3 69. a8=Q Kf4 70. Qa1 h2 71. Qh1 Kg3 72. b4 Ne5 73. Qe1+
Kg4 74. Qe4+ 1-0

[Event "16th ch-EUR Indiv w 2015"]
[Site "Chakvi GEO"]
[Date "2015.05.28"]
[Round "9.5"]
[White "Socko, Monika"]
[Black "Gaponenko, Inna"]
[Result "1/2-1/2"]
[WhiteTitle "GM"]
[BlackTitle "IM"]
[WhiteElo "2467"]
[BlackElo "2391"]
[WhiteFideId "1106619"]
[BlackFideId "14101181"]
[EventDate "2015.05.19"]

1. Nf3 Nf6 2. g3 c5 3. Bg2 g6 4. O-O Bg7 5. Re1 d5 6. d3 Nc6 7. Nbd2 O-O 8. e4
e5 9. exd5 Nxd5 10. Nc4 f6 11. c3 Kh8 12. a4 Rb8 13. d4 cxd4 14. cxd4 Bg4 15.
dxe5 fxe5 16. Bg5 Bxf3 17. Bxd8 Bxd1 18. Raxd1 Rfxd8 19. Rxd5 Rxd5 20. Bxd5 Nb4
21. Be4 b5 22. axb5 Rxb5 23. Rd1 Rb8 24. Rd7 Na6 25. Rxa7 Nc5 26. Bd5 e4 27. b4
Nd3 28. b5 Bd4 29. Ra8 Rxa8 30. Bxa8 Nxf2 31. Kf1 Ng4 32. Ke2 Ne5 33. Nxe5 Bxe5
34. Bxe4 Kg7 35. Kd3 h5 36. Kc4 g5 37. Kd5 Kf6 38. b6 g4 39. Bd3 h4 40. gxh4
Bxh2 41. Be2 g3 42. Bf3 Bg1 43. b7 Ba7 44. Ke4 Bb8 45. Ke3 Kg7 46. Bh5 Kh6 47.
Be8 Bc7 48. Kf3 Bb8 49. Kg2 1/2-1/2

[Event "16th ch-EUR Indiv w 2015"]
[Site "Chakvi GEO"]
[Date "2015.05.28"]
[Round "9.6"]
[White "Bodnaruk, Anastasia"]
[Black "Kashlinskaya, Alina"]
[Result "1/2-1/2"]
[WhiteTitle "IM"]
[BlackTitle "IM"]
[WhiteElo "2402"]
[BlackElo "2423"]
[WhiteFideId "4181751"]
[BlackFideId "4198026"]
[EventDate "2015.05.19"]

1. e4 e5 2. Nf3 Nc6 3. Bb5 Nf6 4. d4 exd4 5. O-O a6 6. Ba4 Be7 7. Re1 O-O 8. e5
Ne8 9. Nxd4 Nxd4 10. Qxd4 d6 11. c4 Be6 12. Nd2 dxe5 13. Qxe5 Bd6 14. Qe2 Qh4
15. g3 Qd4 16. Bb3 Nf6 17. Nf3 Qg4 18. Bg5 Nd7 19. h4 Nc5 20. Rad1 Bd7 21. Nd4
Rfe8 22. Qxg4 Bxg4 23. Rxe8+ Rxe8 24. f3 Nxb3 25. axb3 Bd7 26. Kf2 f6 27. Bf4
Bc5 28. Bxc7 b5 29. Bf4 bxc4 30. bxc4 Ba4 31. Rd3 Bc2 32. Rd2 Bb3 33. Bd6 Bxd4+
34. Rxd4 Ba4 35. Ba3 Kf7 36. Rd6 Re6 37. Rd8 Re8 38. Rd2 Rc8 39. Rd4 Re8 40. Bb4
Rb8 41. Bc3 Rc8 42. Ke3 Re8+ 43. Kd3 Bc6 44. Rf4 h5 45. g4 Kg6 46. Kd4 Rc8 47.
Ba5 Bb7 48. b4 Bc6 49. Bb6 Bb7 50. Rf5 Rc6 51. Bc5 Re6 52. Rf4 Ba8 53. Ba7 Re7
54. Bb6 Re6 55. Bc5 Bb7 56. b5 axb5 57. cxb5 Re1 58. gxh5+ Kxh5 59. Bf8 Rd1+ 60.
Kc5 Rd7 61. Kb6 g5 62. Rxf6 gxh4 63. Bc5 h3 64. Bg1 Bd5 65. Bh2 Kg5 66. Rf8 Bc4
67. Kc6 Rd3 68. f4+ Kg4 69. f5 Rd2 70. Bc7 h2 71. Bxh2 Rxh2 72. b6 Bd3 73. f6
Kf5 74. f7 Kf6 75. Re8 Kxf7 76. b7 Rb2 77. b8=Q Rxb8 78. Rxb8 Kg7 79. Kd6 Bh7
80. Rb7+ Kh8 81. Ke6 Bg8+ 82. Kf6 Bh7 83. Kf7 Bg8+ 84. Kg6 Bd5 85. Rb4 Ba2 86.
Rb2 Bc4 87. Rd2 Bb3 88. Rh2+ Kg8 89. Rb2 Bf7+ 90. Kf6 Bc4 91. Rb4 Bd5 92. Kg6
Bf7+ 93. Kf6 Bd5 94. Rg4+ Kh8 95. Kg6 Bb3 96. Kh6 Bg8 97. Rg7 Bc4 98. Rd7 Ba2
99. Kg6 Bb1+ 100. Kf7 Ba2+ 101. Kf8 Bg8 102. Rd8 Kh7 103. Rd7+ 1/2-1/2

[Event "16th ch-EUR Indiv w 2015"]
[Site "Chakvi GEO"]
[Date "2015.05.28"]
[Round "9.7"]
[White "Guseva, Marina"]
[Black "Arabidze, Meri"]
[Result "1-0"]
[WhiteTitle "IM"]
[BlackTitle "IM"]
[WhiteElo "2391"]
[BlackElo "2403"]
[WhiteFideId "4149351"]
[BlackFideId "13604040"]
[EventDate "2015.05.19"]

1. d4 Nf6 2. c4 e6 3. Nc3 Bb4 4. Qc2 O-O 5. a3 Bxc3+ 6. Qxc3 b6 7. Bg5 Bb7 8. e3
d6 9. Ne2 Nbd7 10. Qc2 c5 11. Rd1 Qc8 12. f3 Re8 13. Qd2 h6 14. Bh4 Ba6 15. Nc3
cxd4 16. Qxd4 e5 17. Qxd6 Bxc4 18. e4 Bxf1 19. Rxf1 Qc4 20. Rf2 Re6 21. Qd3 Qc5
22. Kf1 Rc6 23. Rfd2 a6 24. Qe2 g5 25. Bg3 Nf8 26. Nd5 Ng6 27. Nb4 Re6 28. Nxa6
Qc8 29. Nb4 h5 30. Nd5 h4 31. Bf2 Nxd5 32. exd5 Rd6 33. h3 Qd7 34. Be3 f6 35.
Rd3 Ne7 36. Kg1 Rd8 37. Qc2 Kg7 38. Qb3 Qa7 39. a4 Qa5 40. Bd2 Qc5+ 41. Be3 Qa5
42. Qa3 Nxd5 43. b4 Qa8 44. Bf2 Qb8 45. b5 Qa8 46. R1d2 Kf7 47. Qb3 Ke6 48. Kh1
Qb7 49. Qc4 Rc8 50. Qg4+ Kf7 51. Qf5 Kg7 52. Qe4 Rcd8 53. Bxb6 Qxb6 54. Rxd5
Rxd5 55. Rxd5 Rxd5 56. Qxd5 Qa5 57. Qd1 Qb4 58. Qa1 e4 59. fxe4 Qxe4 60. Qd1 Qb4
61. Kg1 Qc5+ 62. Kf1 Qc4+ 63. Kf2 Qb4 64. Qc2 Qd4+ 65. Ke2 g4 66. hxg4 Qxg4+ 67.
Kd3 h3 68. gxh3 Qxh3+ 69. Kc4 Qg4+ 70. Kb3 Qd4 71. Qc7+ Kh6 72. b6 Qd1+ 73. Kb4
Qd4+ 74. Kb5 Qd3+ 75. Ka5 Qd5+ 76. Ka6 Qa8+ 77. Kb5 Qd5+ 78. Qc5 Qd7+ 79. Qc6
Qd3+ 80. Ka5 Qd8 81. Ka6 Qd3+ 82. Ka7 Qd4 83. a5 Kh5 84. a6 f5 85. Kb8 Qe5+ 86.
Qc7 Qe8+ 87. Qc8 Qe5+ 88. Ka7 f4 89. b7 Qd4+ 90. Ka8 Qd5 91. Qh8+ Kg5 92. Qg7+
Kh5 93. Qf6 f3 94. Kb8 Qg8+ 95. Ka7 Qg1+ 96. Ka8 f2 97. b8=Q Qh1+ 98. Qb7 f1=Q
99. Qh8+ Kg4 100. Qhxh1 1-0

[Event "16th ch-EUR Indiv w 2015"]
[Site "Chakvi GEO"]
[Date "2015.05.28"]
[Round "9.8"]
[White "Szczepkowska-Horowska, Karina"]
[Black "Goryachkina, Aleksandra"]
[Result "0-1"]
[WhiteTitle "WGM"]
[BlackTitle "WGM"]
[WhiteElo "2412"]
[BlackElo "2474"]
[WhiteFideId "1122681"]
[BlackFideId "4147103"]
[EventDate "2015.05.19"]

1. d4 Nf6 2. c4 e6 3. Nf3 b6 4. g3 Ba6 5. Qa4 Bb7 6. Bg2 c5 7. dxc5 bxc5 8. O-O
Be7 9. Nc3 Ne4 10. Qc2 Nxc3 11. Qxc3 O-O 12. Rd1 d6 13. Bf4 Qb6 14. Qc2 f5 15.
Bg5 Nc6 16. Bxe7 Nxe7 17. Ng5 Bxg2 18. Kxg2 e5 19. Rd2 Rf6 20. Rad1 h6 21. Nf3
Qc6 22. Kg1 Raf8 23. Rf1 e4 24. Ne1 f4 25. Rd1 Nf5 26. Ng2 f3 27. exf3 exf3 28.
Ne1 Nd4 29. Qd3 Qc8 30. Qe4 Qh3 31. Rxd4 cxd4 32. Qxd4 g5 33. b4 g4 34. c5 dxc5
35. bxc5 Rf5 36. Qc4+ R8f7 37. Qb5 Rh5 38. Qb8+ Kg7 39. Qb2+ Kg6 40. Qb1+ Rff5 0-1

[Event "16th ch-EUR Indiv w 2015"]
[Site "Chakvi GEO"]
[Date "2015.05.28"]
[Round "9.9"]
[White "Ziaziulkina, Nastassia"]
[Black "Paehtz, Elisabeth"]
[Result "0-1"]
[WhiteTitle "IM"]
[BlackTitle "IM"]
[WhiteElo "2423"]
[BlackElo "2473"]
[WhiteFideId "13505211"]
[BlackFideId "4641833"]
[EventDate "2015.05.19"]

1. e4 e6 2. d4 d5 3. Nc3 Bb4 4. e5 c5 5. a3 Bxc3+ 6. bxc3 Ne7 7. Qg4 cxd4 8.
Qxg7 Rg8 9. Qxh7 Qc7 10. Ne2 dxc3 11. f4 Nbc6 12. Qd3 d4 13. Nxd4 Nxd4 14. Qxd4
Bd7 15. Rg1 Nf5 16. Qf2 Qc6 17. Bd3 Qd5 18. Rb1 Bc6 19. Rb3 O-O-O 20. Rxc3 Kb8
21. g4 Nd4 22. Rg3 Qh1+ 23. Bf1 Ka8 24. h3 Rd7 25. Rgd3 Bb5 26. Rd2 Qe4+ 27. Kd1
Rgd8 28. Re3 Qh1 29. Re1 Qc6 30. Bg2 Qc3 31. Qe3 Qa1 32. Qe4 Bc6 33. Qd3 Bxg2
34. Re3 Bf3+ 35. Rxf3 Nxf3 36. Qxd7 Rxd7 37. Rxd7 Kb8 38. Rd3 Nh4 39. Kd2 Ng6
40. Kd1 Nxf4 41. Rf3 Qd4+ 42. Bd2 Qg1+ 43. Be1 Ng2 0-1

[Event "16th ch-EUR Indiv w 2015"]
[Site "Chakvi GEO"]
[Date "2015.05.28"]
[Round "9.10"]
[White "Ushenina, Anna"]
[Black "Lomineishvili, Maia"]
[Result "1/2-1/2"]
[WhiteTitle "GM"]
[BlackTitle "IM"]
[WhiteElo "2467"]
[BlackElo "2364"]
[WhiteFideId "14110911"]
[BlackFideId "13600656"]
[EventDate "2015.05.19"]

1. d4 d5 2. c4 e5 3. e3 exd4 4. exd4 Nf6 5. Nc3 Bb4 6. Bd3 dxc4 7. Bxc4 O-O 8.
Ne2 Nc6 9. O-O h6 10. a3 Bd6 11. Qd3 a6 12. h3 Ne7 13. Rd1 Bf5 14. Qf3 Qd7 15.
Ng3 Bc2 16. Rd2 Bg6 17. Ba2 Rfe8 18. Rd1 Bc2 19. Rd2 Bg6 20. Rd1 Bc2 21. Rd2 Bg6
22. Rd1 Bc2 23. Rd2 1/2-1/2

[Event "16th ch-EUR Indiv w 2015"]
[Site "Chakvi GEO"]
[Date "2015.05.28"]
[Round "9.11"]
[White "Mkrtchian, Lilit"]
[Black "Guramishvili, Sopiko"]
[Result "1-0"]
[WhiteTitle "IM"]
[BlackTitle "IM"]
[WhiteElo "2459"]
[BlackElo "2370"]
[WhiteFideId "13300601"]
[BlackFideId "13602888"]
[EventDate "2015.05.19"]

1. c4 g6 2. Nc3 Bg7 3. g3 c5 4. Bg2 Nc6 5. e3 d6 6. Nge2 h5 7. h3 Bf5 8. d3 Qc8
9. e4 Bd7 10. Bg5 Nf6 11. Qd2 Rb8 12. Rc1 b6 13. b3 a6 14. Be3 O-O 15. d4 cxd4
16. Nxd4 Re8 17. Nde2 b5 18. cxb5 axb5 19. Nd5 Qd8 20. O-O b4 21. Rc2 Nh7 22.
Rfc1 e6 23. Ndf4 Ne5 24. Qxd6 Ng5 25. Nd4 f6 26. Rc7 Bf8 27. Qa6 Ra8 28. Ra7
Rxa7 29. Qxa7 Qa8 30. Qxa8 Rxa8 31. Rc2 Ra6 32. h4 Ngf7 33. f3 Nd8 34. Kf2 Kf7
35. Bf1 Ra5 36. Nd3 Nxd3+ 37. Bxd3 e5 38. Bc4+ Ke8 39. Ne2 Nb7 40. Bd5 Nd6 41.
Bd2 Rb5 42. Nc1 Rb6 43. Be3 Ra6 44. Nd3 Nb5 45. Nc5 Na3 46. Rd2 Bxc5 47. Bxc5
Nb1 48. Rc2 Nc3 49. Bxb4 Nxd5 50. exd5 Bf5 51. Rd2 Kd7 52. Ke3 Ra8 53. Bc5 Ra5
54. Bb4 Ra8 55. Rb2 g5 56. hxg5 fxg5 57. Rh2 h4 58. gxh4 gxh4 59. Rxh4 Rxa2 60.
Rh5 Bc2 61. Rxe5 Bxb3 62. Re7+ Kd8 63. d6 Bc4 64. Bc5 Ra6 65. f4 Rc6 66. Kd4 Bd3
67. Rc7 Bb5 68. Rb7 Ba6 69. Bb6+ Kc8 70. d7+ Kxb7 71. d8=Q Rxb6 72. Qe7+ Kb8 73.
f5 1-0

[Event "16th ch-EUR Indiv w 2015"]
[Site "Chakvi GEO"]
[Date "2015.05.28"]
[Round "9.12"]
[White "Zawadzka, Jolanta"]
[Black "Galojan, Lilit"]
[Result "1-0"]
[WhiteTitle "WGM"]
[BlackTitle "IM"]
[WhiteElo "2434"]
[BlackElo "2275"]
[WhiteFideId "1122320"]
[BlackFideId "13301314"]
[EventDate "2015.05.19"]

1. e4 e5 2. Nf3 Nc6 3. Bb5 a6 4. Ba4 Nf6 5. O-O Be7 6. Re1 b5 7. Bb3 O-O 8. h3
Bb7 9. d3 d6 10. a3 Re8 11. Nc3 h6 12. Nd5 Bf8 13. c3 Nb8 14. Nxf6+ Qxf6 15. Nh2
Nd7 16. Re3 d5 17. exd5 Qd6 18. c4 c6 19. dxc6 Qxc6 20. Rg3 bxc4 21. Bxc4 Bc5
22. Qh5 Kh8 23. Qxf7 Re7 24. Qg6 Qxg6 25. Rxg6 e4 26. Be3 Bxe3 27. fxe3 exd3 28.
Rd6 Nc5 29. b4 Na4 30. Nf1 Nb2 31. Bxd3 Nxd3 32. Rxd3 Rc8 33. Rad1 Rcc7 34. R1d2
Kh7 35. Ng3 Kg6 36. Rd6+ Kh7 37. Nf5 Rf7 38. Nd4 Rc1+ 39. Kh2 Rc3 40. Ne6 Rxe3
41. Nd8 Rfe7 42. Nxb7 Rxb7 43. Rxa6 Rb3 44. Rd4 Rb2 45. Rg4 Ra2 46. Ra5 Rb2 47.
Rc5 Ra2 48. Rg3 Ra7 49. Rcc3 Rb7 50. Rb3 Rb5 51. h4 Kg8 52. Rgc3 Kh7 53. Rc7 Kh8
54. Ra7 Rc2 55. Rg3 Rh5 56. Rgxg7 Rxh4+ 57. Kg3 Rd4 58. Kh3 Rc3+ 59. Rg3 Rcc4
60. Re3 Rh4+ 61. Kg3 Rhg4+ 62. Kh2 Rg8 63. b5 Rcg4 64. g3 R4g6 65. a4 Rb8 66.
Rae7 1-0

[Event "16th ch-EUR Indiv w 2015"]
[Site "Chakvi GEO"]
[Date "2015.05.28"]
[Round "9.13"]
[White "Khurtsidze, Nino"]
[Black "Mikadze, Miranda"]
[Result "1/2-1/2"]
[WhiteTitle "IM"]
[BlackTitle "WIM"]
[WhiteElo "2451"]
[BlackElo "2233"]
[WhiteFideId "13600320"]
[BlackFideId "13603108"]
[EventDate "2015.05.19"]

1. c4 c6 2. e4 d5 3. exd5 cxd5 4. d4 Nf6 5. Nc3 Nc6 6. Bg5 Be6 7. Nf3 Ne4 8.
Nxe4 dxe4 9. d5 exf3 10. dxe6 Qa5+ 11. Bd2 Qe5+ 12. Be3 Qa5+ 13. Qd2 Qxd2+ 14.
Bxd2 fxe6 15. gxf3 g6 16. Bc3 Rg8 17. Bh3 Kf7 18. O-O-O Bh6+ 19. Kb1 Rgd8 20.
Rde1 e5 21. Bxe5 Nxe5 22. Rxe5 Bg7 23. Be6+ Kf8 24. Re2 Rd4 25. Bd5 Rb8 26. a4
a5 27. h4 b6 28. h5 g5 29. h6 Bf6 30. Kc2 Rc8 31. Be6 Rcxc4+ 32. Bxc4 Rxc4+ 33.
Kb3 Rb4+ 34. Ka3 Kf7 35. b3 Rf4 36. Rh3 Rh4 37. Rxh4 gxh4 38. b4 Kg6 39. bxa5
bxa5 40. Kb3 Kxh6 41. Kc4 Kg5 42. Re4 h5 43. Kd3 h3 44. Re1 h2 45. Ke4 Kh4 46.
f4 Kh3 47. Kf3 e6 48. Rb1 Bc3 49. Rc1 Bd2 50. Rb1 h4 51. Ra1 Bxf4 52. Kxf4 Kg2
53. Kg4 h1=Q 1/2-1/2

[Event "16th ch-EUR Indiv w 2015"]
[Site "Chakvi GEO"]
[Date "2015.05.28"]
[Round "9.15"]
[White "Galliamova, Alisa"]
[Black "Mammadova, Gulnar"]
[Result "1-0"]
[WhiteTitle "IM"]
[BlackTitle "WGM"]
[WhiteElo "2478"]
[BlackElo "2293"]
[WhiteFideId "4129725"]
[BlackFideId "13403508"]
[EventDate "2015.05.19"]

1. d4 f5 2. c4 Nf6 3. Nc3 g6 4. h4 Bg7 5. h5 Nxh5 6. e4 fxe4 7. Rxh5 gxh5 8.
Qxh5+ Kf8 9. Bh6 e6 10. Nxe4 Qe7 11. O-O-O Nc6 12. Rd3 Bxh6+ 13. Qxh6+ Ke8 14.
Rg3 Rf8 15. Rg7 Rf7 16. Rg8+ Rf8 17. Nf6+ Qxf6 18. Qxf6 Rxg8 19. Be2 Ne7 20.
Bh5+ Kd8 21. Bf7 Rf8 22. Qg7 Rxf7 23. Qxf7 d6 24. Nf3 b5 25. c5 Bb7 26. Ng5 Bd5
27. Nxh7 e5 28. Qf6 dxc5 29. Qh8+ Kd7 30. Qxe5 Bxg2 31. Nf6+ Kd8 32. d5 1-0

[Event "16th ch-EUR Indiv w 2015"]
[Site "Chakvi GEO"]
[Date "2015.05.28"]
[Round "9.16"]
[White "Hoang, Thanh Trang"]
[Black "Stetsko, Lanita"]
[Result "1-0"]
[WhiteTitle "GM"]
[BlackTitle "FM"]
[WhiteElo "2472"]
[BlackElo "2286"]
[WhiteFideId "12400149"]
[BlackFideId "13505300"]
[EventDate "2015.05.19"]

1. d4 Nf6 2. c4 e6 3. Nc3 Bb4 4. Qc2 O-O 5. a3 Bxc3+ 6. Qxc3 b6 7. Bg5 Bb7 8. f3
d6 9. e4 c5 10. dxc5 bxc5 11. Rd1 Nc6 12. Bxf6 gxf6 13. Bd3 Qa5 14. Ne2 Qxc3+
15. Nxc3 Rfd8 16. O-O Kf8 17. Rb1 a5 18. f4 Ke7 19. Rfe1 Nd4 20. Nb5 Nb3 21. Re3
a4 22. Rh3 Bc6 23. Nc3 Rab8 24. Rxh7 Nd2 25. Re1 Rg8 26. Re2 Rxb2 27. Nd5+ Bxd5
28. exd5 Nf3+ 29. Kf2 Rxe2+ 30. Bxe2 Nd4 31. Bh5 Rf8 32. dxe6 Kxe6 33. Bd1 Rb8
34. Bxa4 Ra8 35. Bd1 Rxa3 36. Bh5 Ra2+ 37. Kg3 Ra7 38. Kh3 Nc6 39. Bf3 Ra3 40.
Kg4 Ne7 41. f5+ Ke5 42. Rh8 Re3 43. h4 Nxf5 44. Rh5 1-0

[Event "16th ch-EUR Indiv w 2015"]
[Site "Chakvi GEO"]
[Date "2015.05.28"]
[Round "9.17"]
[White "Mammadzada, Gunay"]
[Black "Savina, Anastasia"]
[Result "0-1"]
[WhiteTitle "WGM"]
[BlackTitle "IM"]
[WhiteElo "2336"]
[BlackElo "2417"]
[WhiteFideId "13403729"]
[BlackFideId "4196872"]
[EventDate "2015.05.19"]

1. e4 Nc6 2. Nf3 d5 3. exd5 Qxd5 4. Nc3 Qa5 5. d4 Bg4 6. h3 Bxf3 7. Qxf3 O-O-O
8. Bd3 Nf6 9. Be3 Nxd4 10. Bxd4 Rxd4 11. O-O-O e6 12. Be4 Rb4 13. Rd3 Bd6 14. a3
Rb6 15. h4 Rf8 16. Rd4 Nxe4 17. Rxe4 Bxa3 18. bxa3 Qxa3+ 19. Kd2 Rd8+ 20. Ke2
Qa6+ 21. Ke3 Rb3 22. cxb3 Rd3+ 23. Ke2 Rxc3+ 24. Kd2 Rxf3 25. gxf3 Qa2+ 26. Ke3
Qxb3+ 27. Ke2 Qb5+ 28. Ke3 f5 29. Rd4 Qc5 30. f4 e5 31. fxe5 f4+ 32. Kd3 Qb5+
33. Kc3 Qc6+ 0-1

[Event "16th ch-EUR Indiv w 2015"]
[Site "Chakvi GEO"]
[Date "2015.05.28"]
[Round "9.19"]
[White "Charochkina, Daria"]
[Black "Gevorgyan, Maria"]
[Result "1-0"]
[WhiteTitle "WGM"]
[BlackTitle "WFM"]
[WhiteElo "2391"]
[BlackElo "2190"]
[WhiteFideId "4180917"]
[BlackFideId "13300270"]
[EventDate "2015.05.19"]

1. Nf3 d5 2. c4 c6 3. Qc2 Nf6 4. g3 Nbd7 5. Bg2 e5 6. d3 Bb4+ 7. Bd2 Bxd2+ 8.
Nbxd2 O-O 9. O-O Re8 10. cxd5 cxd5 11. Rac1 b6 12. Nh4 Nc5 13. b4 Ne6 14. Qb2
Nf8 15. e4 Ba6 16. b5 Bb7 17. exd5 Bxd5 18. Ne4 Nh5 19. Nf5 Qd7 20. Ne3 Bb7 21.
Bf3 Nf6 22. Nxf6+ gxf6 23. Bxb7 Qxb7 24. Rc6 Re6 25. Nd5 Kg7 26. Rfc1 Qd7 27.
Nb4 Rd6 28. a4 Ne6 29. Rxd6 Qxd6 30. Rc6 Qd7 31. Kg2 Nd4 32. Rc1 Qg4 33. Re1
Qf3+ 34. Kg1 Rc8 35. Nc6 Qxd3 36. Re3 Qd1+ 37. Kg2 Nc2 38. Rxe5 Ne1+ 39. Rxe1
Qxe1 40. Qd4 Qe6 41. Qf4 Re8 42. f3 Qe2+ 43. Kh3 Qd3 44. Nd4 Re5 45. g4 h5 46.
Nf5+ Kf8 47. Kh4 hxg4 48. fxg4 Ke8 49. Nh6 Qe2 50. Nf5 Qe1+ 51. Kh3 Qc3+ 52. Kh4
Kd7 53. Ng3 Re8 54. Qf5+ Kc7 55. Qh7 Qc4 56. Nh5 Re2 57. h3 Rf2 58. Qh6 Rf3 59.
Nxf6 Qe6 60. Qc1+ Kb8 61. Ng8 Qe5 62. Nh6 Qe7+ 63. g5 f5 64. Qh1 Qb4+ 65. Kh5
Qc3 66. h4 Qe3 67. g6 Rg3 68. Nxf5 Qe2+ 69. Kh6 Qd2+ 70. Kh7 Qd7+ 71. Ng7 Rc3
72. Qh2+ Rc7 73. Qe5 a6 74. Kh6 Ka7 75. Ne6 Rc4 76. h5 Rc8 77. Qg7 Qxg7+ 78.
Kxg7 Rc4 79. h6 Rxa4 80. h7 Rh4 81. h8=Q Rxh8 82. Kxh8 1-0

[Event "16th ch-EUR Indiv w 2015"]
[Site "Chakvi GEO"]
[Date "2015.05.28"]
[Round "9.20"]
[White "Mammadova, Narmin"]
[Black "Matveeva, Svetlana"]
[Result "1/2-1/2"]
[WhiteTitle "WCM"]
[BlackTitle "IM"]
[WhiteElo "2117"]
[BlackElo "2380"]
[WhiteFideId "13403710"]
[BlackFideId "4119827"]
[EventDate "2015.05.19"]

1. e4 g6 2. d4 Bg7 3. Nf3 d6 4. h3 Nf6 5. Bd3 O-O 6. O-O Nc6 7. c3 e5 8. dxe5
dxe5 9. Be3 Qe7 10. Qc2 Nh5 11. Re1 Nf4 12. Bf1 a5 13. a4 b6 14. Na3 Bb7 15. g3
Ne6 16. Bg2 Nc5 17. Nb5 Nd8 18. Nd2 Nde6 19. Rad1 Bc6 20. Nc4 Rfc8 21. Rd2 Ng5
22. h4 Nge6 23. Red1 Rd8 24. Rxd8+ Rxd8 25. Rxd8+ Qxd8 26. Bxc5 Nxc5 27. b4 Bxb5
28. axb5 axb4 29. cxb4 Nd3 30. Bf1 Nxb4 31. Qb3 Qe7 32. Ne3 Bf8 33. Bc4 h5 34.
Nd5 Nxd5 35. Bxd5 Qf6 36. Kg2 Kg7 37. Qf3 Qxf3+ 38. Kxf3 Bc5 39. Kg2 f6 40. f3
g5 41. Kh3 Bf2 42. Bc6 Kf7 43. Kg2 Be1 44. Kh3 Ke7 45. Bd5 Bf2 46. Bc6 Be1 47.
Bd5 Kd6 48. Bc6 Kc5 49. Be8 Kc4 50. Bd7 Kd4 51. Be8 Kc5 52. Bc6 Kc4 1/2-1/2